Commercial FM radio licence to serve Townsville area : licence grant IL/88/124, August 1989 : a report /

Uloženo v:
Podrobná bibliografie
Korporativní autor: Australian Broadcasting Tribunal
Médium: Kniha
Jazyk:English
Vydáno: North Sydney, NSW : The Tribunal, 1989.
Edice:Public inquiry report
Témata:
LEADER 01045nam a2200253 a 4500
001 c000186814
003 CARM
005 19900108000000.0
008 900108s1989 xnaabh f000 0 eng d
019 1 |a 6803655  |5 LACONCORD2021 
035 |a (OCoLC)221112946  |5 LACONCORD2021 
040 |a NSL:R  |b eng  |c NSL:R 
042 |a anuc 
043 |a u-at-qn 
082 0 4 |a 384.5453099436  |2 20 
110 2 |a Australian Broadcasting Tribunal. 
245 1 0 |a Commercial FM radio licence to serve Townsville area :  |b licence grant IL/88/124, August 1989 : a report /  |c by the Australian Broadcasting Tribunal. 
260 |a North Sydney, NSW :  |b The Tribunal,  |c 1989. 
300 |a 239, [51] p. :  |b ill., facsims., maps ;  |c 30 cm. 
440 0 |a Public inquiry report 
650 0 |a Radio stations  |x Licenses  |z Queensland  |z Townsville. 
852 8 |b CARM  |h A2:AR24F0  |i E01703  |p 0261051  |f BK 
999 f f |i 0dc1fb7d-0161-5c98-a55a-5296756e8b8e  |s 9f3de876-4624-55dc-a3c6-591f624f9d5a 
952 f f |p Can circulate  |a CAVAL  |b CAVAL  |c CAVAL  |d CARM 1 Store  |e E01703  |f A2:AR24F0  |h Other scheme  |i book  |m 0261051